000 00421nam a2200169Ia 4500
008 230711s9999||||xx |||||||||||||| ||und||
020 _a81-239-0874-1
041 _aENG
082 _a621.8
_bBE-T
100 _aBevan,Thomas
245 0 _aTheory of machines
250 _a1st Ed.
260 _c2005
_aNew Delhi
_bCBS Publishers & Distributors Pvt.Ltd
300 _a621
650 _aMechanical Engineering
942 _cBK
999 _c5522
_d5522